00453nam a2200121Ia 4500008004100000100002200041245005600063245005600119260000900175856005500184999001900239952007300258160531s9999 xx 000 0 und d aMorrison, Carole. aStructural Methods In Molecular Inorganic Chemistry cBy:Carole Morrison, D. W. H. Rankin, Norbert Mitzel c2013 uhttp://file.ebook777.com/010/StrMetInMolInoChe.pdf c295056d295056 001040aCLbCLd2016-05-31l0r2016-05-31 00:00:00w2016-05-31yCBE